| 000 | 00812nam a22002177a 4500 | ||
|---|---|---|---|
| 999 |
_c10225 _d10225 |
||
| 003 | AR-CdUCM | ||
| 008 | 190329b ||||| |||| 00| 0 spa d | ||
| 040 |
_aMUNICIPALIDAD PROVINCIAL DEL CUSCO _cBIBLIOTECA MUNICIPAL DEL CUSCO |
||
| 082 |
_aES / 800 / _bI34 |
||
| 100 |
_aIgar, Max _926949 |
||
| 245 | _aUn viaje a través del cuerpo humano / | ||
| 260 |
_aArgentina : _bLibreria Hachette, _c1954. |
||
| 300 |
_a182 páginas ; _bImágenes, _c19 cm. |
||
| 440 |
_aColección juvenil Hachette _917368 |
||
| 505 | _aContenido: Emprendo el viaje -- Descubrimiento de la naturaleza de mi carcelero. Quienes dispusieron el derrotero de mi viaje. Motivos del mismo... | ||
| 650 |
_aCuerpo Huamno _926950 |
||
| 650 |
_aAnatomia _921361 |
||
| 650 |
_aLiteratura juvenil _91580 |
||
| 942 |
_2ddc _cLIBROS |
||
| 945 | _adavv | ||